000 00678nam a22001817a 4500
003 UA-OsUOA
001 7622
007 ta
008 20040623b un ||||| |||| 00| 0 ukr d
100 _aХірсін А.
942 _cSA
040 _aUA-OsUOA
_cUA-OsUOA
_dUA-OsUOA
245 _aУдосконалення автоматизованих інформаційно-пошукових систем , які використовуються у боротьбі з організованою злочинністю
300 _aС.57-60
955 _a0
773 0 _w0
_tПраво України
_dКиїв
_d2004
_gN6
650 7 _aІнформаційні технології
_2UDC
999 _c293783
_d293783